New Zealand Surveyor (Record no. 118847)

MARC details
000 -LEADER
fixed length control field 00557cas a22002055a 4500
001 - CONTROL NUMBER
control field L131026
008 - FIXED-LENGTH DATA ELEMENTS--GENERAL INFORMATION
fixed length control field 050921d18871996nz fr p 0 a0eng u
022 1# - INTERNATIONAL STANDARD SERIAL NUMBER
International Standard Serial Number 0048-0150
035 ## - SYSTEM CONTROL NUMBER
System control number (Sirsi) u131026
041 0# - LANGUAGE CODE
Language code of text/sound track or separate title eng
110 2# - MAIN ENTRY--CORPORATE NAME
Corporate name or jurisdiction name as entry element New Zealand Institute of Surveyors
9 (RLIN) 602
245 00 - TITLE STATEMENT
Title New Zealand Surveyor
260 ## - PUBLICATION, DISTRIBUTION, ETC.
Place of publication, distribution, etc. Wellington
Name of publisher, distributor, etc. NZIS
Date of publication, distribution, etc. [1887]-1996
362 ## - DATES OF PUBLICATION AND/OR SEQUENTIAL DESIGNATION
Dates of publication and/or sequential designation 21 1954-(286) April 1996
554 ## -
-- Two per year
651 #4 - SUBJECT ADDED ENTRY--GEOGRAPHIC NAME
Geographic name New Zealand
690 ## - LOCAL SUBJECT ADDED ENTRY--TOPICAL TERM (OCLC, RLIN)
Topical term or geographic name as entry element ENVIRONMENTAL AND LAND CONSULTANCY
785 00 - SUCCEEDING ENTRY
Title Survey Quarterly
International Standard Serial Number 11735651
942 ## - ADDED ENTRY ELEMENTS (KOHA)
Suppress in OPAC 0
Holdings
Withdrawn status Lost status Source of classification or shelving scheme Damaged status Not for loan Home library Current library Shelving location Date acquired Total Checkouts Full call number Barcode Date last seen Price effective from Koha item type
    Dewey Decimal Classification     London London Basement 21/09/2005   SURVEY QUARTERLY 131026-1001 06/08/2019 06/08/2019 Journal